| 000 | 00365cam a2200157ua 4500 | ||
|---|---|---|---|
| 041 |
_aeng _h |
||
| 082 |
_a828.09 _bMUL/MA |
||
| 100 | _aMullik, B.R. | ||
| 245 |
_aMathew Arnold / _cB.R Mullik. _hTextual Documents |
||
| 250 |
_a1 / _b. |
||
| 260 |
_aNew Delhi : _bS.Chand & Sons , _c1964. |
||
| 300 | _a44 ; . | ||
| 504 | _a | ||
| 942 | _cBK | ||
| 999 |
_c2348 _d2348 |
||